书目信息 |
| 题名: |
工程力学 第一分册
|
|
| 作者: | 沈养中 主编 | |
| 分册: | ||
| 出版信息: | 北京 高等教育出版社 2000.7 |
|
| 页数: | 194页 | |
| 开本: | 26cm | |
| 丛书名: | ||
| 单 册: | ||
| 中图分类: | TB12-43 | |
| 科图分类: | ||
| 主题词: | 工程力学 | |
| 电子资源: | ||
| ISBN: | 7-04-007996-8 | |
| 000 | 00571nam0 2200193 45 | |
| 001 | 0231128209 | |
| 005 | 2002061108384781 | |
| 010 | @a7-04-007996-8@dRMB 13.50 | |
| 100 | @a20020611d2000 km y0chiy0120 ea | |
| 101 | 0 | @achi |
| 102 | @aCN@b110000 | |
| 200 | 1 | @a工程力学 第一分册@Agong cheng li xue di yi fen ce@f沈养中主编@Fshen yang zhong zhu bian |
| 210 | @a北京@c高等教育出版社@d2000.7 | |
| 215 | @a194页@d26cm | |
| 606 | 0 | @a工程力学 |
| 690 | @aTB12-43@v3 | |
| 701 | 0 | @a沈养中@Ashen yang zhong@4主编 |
| 801 | 0 | @aCN@bPFT@c20020611 |
| 905 | @a安徽大学@dTB12-43@eS4201:1 | |
| 工程力学 第一分册/沈养中主编.-北京:高等教育出版社,2000.7 |
| 194页;26cm |
| ISBN 7-04-007996-8:RMB 13.50 |
| ● |
| 相关链接 |
|
|
|
正题名:工程力学 第一分册
索取号:TB12-43/S4201:1
 
预约/预借
| 序号 | 登录号 | 条形码 | 馆藏地/架位号 | 状态 | 备注 |
| 1 | 363283 | 203632836 | 自科库501/501自科库 3排3列5层/ [索取号:TB12-43/S4201:1] | 在馆 | |
| 2 | 363284 | 203632845 | 自科库501/501自科库 3排3列5层/ [索取号:TB12-43/S4201:1] | 在馆 | |
| 3 | 363285 | 203632854 | 自科库501/501自科库 3排3列5层/ [索取号:TB12-43/S4201:1] | 在馆 |